Beanie Babies Quiz Stats

 Plays Quiz Updated Feb 27, 2020

     
Support Sporcle.
Go Orange.
Score 0/9 Timer 02:00
0 Plays Today
% Correct
Spot the Dog
59.7%
Chocolate the Moose
34.5%
Brownie the Bear
34.1%
Legs the Frog
30%
Patti the Platypus
24.9%
Pinchers the Lobster
24.7%
Splash the Whale
20.3%
Flash the Dolphin
20.1%
Squealer the Pig
18.9%

From the Vault

Five for Five of Six II

by MovieGuru

Six categories. Five questions each. Your time starts now.
Remove Ads.
Support Sporcle.
Get the best of Sporcle when you Go Orange. This ad-free experience offers more features, more stats, and more fun while also helping to support Sporcle. Thank you for becoming a member.

Show Comments

Extras

Top Quizzes Today


Score Distribution

Your Account Isn't Verified!

In order to create a playlist on Sporcle, you need to verify the email address you used during registration. Go to your Sporcle Settings to finish the process.

Report this User

Report this user for behavior that violates our Community Guidelines.

Details: